000 00300nam a22001457a 4500
003 SGT
082 _a370,MIS
100 _aMISHRA,REENA
245 _aEDUCATION & AND SOCIETY
250 _a1ST
260 _aDELHI
_bINDIAN PUBLICATION
_c2010
300 _a352
650 _aEDUCATION
942 _2ddc
_cBK
999 _c8799
_d8799